00305nam a2200133Ia 4500003000400000005001700004008004100021020001900062040002700081100001500108245003100123260000800154260000900162OSt20240217125149.0170524s9999 xx 000 0 und d a978-8120329683 cIIMT UNIVERSITY MEERUT aMishra KLP 0aTheory of Computer Science bPHI c2008